| 000 | 01226nam0a2200289 4500 | ||
|---|---|---|---|
| 001 | RU\NLR\b_ik\182751 | ||
| 005 | 20250616230815.0 | ||
| 035 | _a(NLR Aleph) 002255285 | ||
| 090 |
_a3744380 _c3744380 |
||
| 100 | _a20100312d2009 |||y0rusy50 ca | ||
| 101 | 0 | _aeng | |
| 102 | _aRU | ||
| 105 | _ay ||||||||| | ||
| 200 | 1 |
_aReference aid on art (for the 3rd year students) _fЗ.В. Эсебуа _gФедер. агентство по образованию, ГОУ ВПО "Новосиб. гос. пед. ун-т" |
|
| 210 |
_aНовосибирск _cИзд-во НГПУ _d2009 |
||
| 215 |
_a35 с. _d29 |
||
| 541 | 0 |
_aРеферативное пособие по искусству _zrus |
|
| 606 | 1 |
_aАнглийский язык _jУчебные издания для высших учебных заведений _9972309 _3RU\NLR\AUTH\6646032 |
|
| 606 | 1 |
_aАнглийский язык _xУчебные издания для искусствоведов _92514074 _3RU\NLR\AUTH\661490173 |
|
| 686 | 1 | _aШ143.21-93рус31 | |
| 686 | 1 | _aШ143.21-93рус329.7 | |
| 700 | 1 |
_aÉsebua _bZ. V. _gZoja Vadimovna _4070 |
|
| 801 | 0 |
_aRU _bNLR _c20100312 _gRCR |
|
| 942 | _cBOOK | ||
| 980 | _aNB | ||